00402nam a2200193Ia 4500003000900000008004100009040001300050040001300063041000800076100001500084245002500099250001100124260001200135260000900147300001100156300001000167490002400177490000700201IT-RoPAU120407s9999 xx 000 0 und d aIT-RoPAU cIT-RoPAU aita aKarl Kraus aDetti e contraddetti aMilano aAdelphi c1972 a375 p. c22 cm a Biblioteca Adelphi v38